Statistieken voor Vertalen DE --> NL

Klik hier om de quiz te nemen!

Algemene statistieken

  • Deze quiz is 17 keer genomen
  • De gemiddelde score is 3 van 25

Antwoordstatistieken

DuitsNederlands% Correct
die Gossede goot
100%
die Muttersprachede moedertaal
100%
lehrendoceren, onderwijzen, leren
100%
der Sprachunterrichthet taalonderwijs
100%
unterrichtenlesgeven, onderwijzen
100%
hinterlassennalaten, achterlaten
100%
die Abschlussprüfunghet eindexamen
50%
die Herkunftde afkomst
0%
die Allgemeinebildungde algemene ontwikkeling
0%
der Unterhaltde alimentatie
0%
die Grundschulede basisschool
0%
das Nesthäkchende benjamin, het jongste kind
0%
die Nachhilfede bijles
0%
das Standesamtde burgerlijke stand
0%
die Fähigkeitde capaciteit, het vermogen
0%
die Kinderkrippede crèche
0%
die Anforderungde eis
0%
die Verwandtschaftde familie
0%
die Angehörigende familieleden, de leden van een groepering
0%
die Germanistiekde germanistiek, de Duitse taal- en letterkunde
0%
die Kindheitde jeugd
0%
die Budede kamer
0%
der Kumpelde kameraad
0%
das Kindergeldde kinderbijslag
0%
der Nachwuchsde kinderen
0%
das Kleinkindde kleuter
0%
die Erzieherinde kleuterjuf
0%
der Kindergartende kleuterschool
0%
das Alterde leeftijd
0%
die Windelde luier
0%
der Gefährtede metgezel
0%
die Gesamtschulede middenschool, voortgezet onderwijs
0%
die Nachkommende nakomelingen
0%
de Weiterbildungde nascholing, de bijscholing
0%
die Ausbildungde opleiding
0%
die Erziehungde opvoeding
0%
der Patede peetoom
0%
die Privatspärede privacy
0%
die Beziehungde relatie
0%
der Zoffde ruzie
0%
die Sonderschulede school voor speciaal onderwijs
0%
der Schnipselde snipper
0%
die Rechtschreibungde spelling
0%
der Auszubildendede stagiair, de leerling
0%
die Semesterferiende vakantie
0%
der Vormundde voogd
0%
die Vorfahrende voorouders
0%
die Siedlungde wijk
0%
die Fürsogede zorg
0%
absolvierendoorlopen
0%
das Daseinhet bestaan
0%
die Vorlesunghet college, het hoorcollege
0%
die Abiturhet eindexamen
0%
das Benehmenhet gedrag
0%
das Verhaltensmusterhet gedragspatroon
0%
die geselligkeithet gezelschap
0%
die Ehehet huwelijk
0%
der Alltaghet leven van alledag
0%
das Schicksalhet lot
0%
die Ehrfurchthet respect
0%
das Misstrauenhet wantrouwen
0%
das Seminarhet werkcollege
0%
sich gehörenhoren
0%
bastelnknutselen
0%
sportbetontmet extra faciliteiten voor aankomende topsporters
0%
anständignetjes
0%
berucksichtigenrespecteren, rekeningen houden met
0%
sich zusammenfindensamengaan, een band krijgen
0%
bescherenschenken
0%
die Klausurschriftelijke toets
0%
buchstabierenspellen
0%
schwänzenspijbelen
0%
fördernstimuleren
0%
zweisprachigtweetalig
0%
vernachlässigenverwaarlozen
0%
die Realschulevmbo-school
0%
aufklärenvoorlichten
0%
verwaisenwees worden
0%
ansässig seinwonen
0%
betreuenzorgen voor
0%

Scoreverdeling

Percentiel versus Aantal Correcte Antwoorden

Procent van Mensen met Elke Score

Uw Scoregeschiedenis

U heeft deze quiz nog niet genomen